00962 2200337 4500001002100000005001500021035002000036007000300056008004100059040002200100100002600122245007500148250001700223300003300240020002200273041001300295082001100308084001700319090002000336260003300356600003200389700001800421850001000439650002500449990002500474990002500499990002600524990002500550990002400575990002500599INLIS00000000000251820260601055555 a0010-0220000369ta260601 1  aSBPUPADbind, eng0 aWinkanda Satria Putra1 aKumpulan Dongeng Negeri Italia /cWinkanda Satria Putra, Editor: Ignas aEd.1; Cet.10 avi,86 hlm. :bilus. ;c23 cm a978-979-29-6118-807aind, eng a398.23 a398.23 WIN k a370.1 WAR b 4-2 aYogyakarta :bRainbow,c2017 4aAdat Istiadat dan Kebiasaan0 aEditor: Ignas aPUPAD 4aCerita Dongeng Dunia a31.333/APBD/DPK/2019 a31.334/APBD/DPK/2019 a31.3335/APBD/DPK/2019 a31.336/APBD/DPK/2019 a33.334/DAK/DPK/2019 a31.331/APBD/DPK/2019